Disney's Peter Pan Trivia - Statistics

General Stats
  • This quiz has been taken 821 times
  • The average score is 17 of 39
Answer Stats
Hint Answer % Correct
This character becomes jealous of Wendy and tries to kill her. Tinkerbell
92%
Who told Captain Hook where Peter's hideout was? Tinkerbell
92%
How many members are in the Darling family? 5
91%
This character is trying to kill Peter Pan Captain Hook
91%
Who was all ready to grow up when they returned home? Wendy
89%
Who is Captain Hook's right hand man? Smee
84%
Peter decided to bring Wendy (plus John and Michael) back to Neverland to make Wendy everyone's _____. Mother
79%
What is the name of the dog that looks after the children? Nana
78%
True or False: Fairies can only contain a single emotion at a time. True
75%
True/False: George Darling remembers seeing a ship like Peter's when he was a young boy. True
75%
Name the object that is inside the Crocodile. Clock
66%
"I'll get you Pan! If it's the ___ ____ _ __!" last thing I do
64%
Peter Pan will never ___ __. grow up
60%
"Girls ____ too much." talk
55%
Name the object that Michael carries around with him throughout Neverland. Teddy Bear
55%
What are Peter Pan's followers called? The Lost Boys
55%
When Tiger Lily was dancing, she went over to Peter and ____ him. kissed
47%
When Wendy was introduced to the Mermaids, what did they try to do? Drown her
41%
Peter flew a ___ that took the Darling children back home. Ship
41%
What did Peter use when he tried to put his shadow back on him? Soap
38%
John brought a top hat and an _____ with him to Neverland. umbrella
36%
The Lost Boys and the _____ play a game where you catch each other and then 'turn 'em loose.' Indians
34%
Name the location where the mermaid live. Mermaid Lagoon
30%
Where did Captain Hook and Smee take princess Tiger Lily? Skull Rock
26%
What name did Peter call Captain Hook? codfish
25%
Name the song: "This won't do! What's the matter with you? All it takes is faith and trust.... Oh! And something I forgot!" You can fly!
23%
How long was Tinkerbell banished from Neverland? A week
20%
What is Captain Hook afraid of? The Crocodile
20%
When was Peter Pan released? 1953
19%
Where can you find neverland? Second star to the right and straight on till morning
17%
When Peter, Wendy, John, and Michael first got to Neverland, Captain Hook tried to shoot Peter with a _____. Canonball
12%
Name the instrument that Peter uses throughout the movie. Pan flute
12%
"All you need is faith, trust, and ______." A little bit of pixie dust
9%
Where is Peter Pan's hideout? Hangman's Tree
9%
What are the names of Mr. and Mrs. Darling? George Mary
7%
What did Captain Hook give Peter instead of 'directly killing him? A present
5%
Where is the Pirate's ship located? Cannibal Cove
2%
Where do the Indian's live? Indian Camp
2%
List the names of the Darling Children. Wendy, Micheal, John
2%
No matching quizzes found
Score Distribution
Percent of People with Each Score
Percentile by Number Answered
Your Score History
You have not taken this quiz